| 000 | 01170nam a2200229 i 4500 | ||
|---|---|---|---|
| 001 | 174983 | ||
| 003 | ES-MaACL | ||
| 005 | 20250808034529.0 | ||
| 008 | 100906s1878 xxk |||| | eng d | ||
| 110 | 2 |
_aHoward Association (London) _9134440 |
|
| 245 | 1 | 0 |
_aCountries where capital punishment has been abolished or discontinued / _c(issued by the Howard Association). |
| 260 |
_a[London : _bWertheimer, Lea & Co, _c1878?] |
||
| 300 |
_a[4] páginas ; _c20 cm. |
||
| 500 | _aArgues the case for the abolition of the death penalty by examining the experiences of those countries which have already abolished it. | ||
| 594 | _aTít. tomado de principio del texto. | ||
| 650 | 0 | 7 |
_aPena de muerte _2embne _915915 |
| 852 |
_aES-MaACL _jD-273(6) _9181718 _bR.FOLL.12/6 _cSVI _dOlim: 193-C-3 _fSello en tinta en la hoja de guarda anterior recto: "Donativo del Sr. Lastres al Ateneo de Madrid 1907" _hDonación: Francisco Lastres y Juiz _xEncuadernado con otras obras formando un volumen facticio |
||
| 903 |
_aLastres y Juiz, Francisco, _d1848-1918 _q1 _ednr _970504 |
||
| 942 |
_2udc _cFOLLETOS _n0 |
||
| 999 |
_c174983 _d174983 |
||